Participation of women in the Panchayati Raj System / (Record no. 65292)

MARC details
000 -LEADER
fixed length control field 00445nam a22001457a 4500
005 - DATE AND TIME OF LATEST TRANSACTION
control field 20180807124130.0
020 ## - INTERNATIONAL STANDARD BOOK NUMBER
International Standard Book Number 8173915156
Terms of availability 00.00
035 ## - SYSTEM CONTROL NUMBER
System control number B-92493, B-092495
037 ## - SOURCE OF ACQUISITION
Stock number DPL
Source of stock number/acquisition ENG
100 ## - MAIN ENTRY--PERSONAL NAME
Personal name Mehta, G.S.
245 ## - TITLE STATEMENT
Title Participation of women in the Panchayati Raj System /
Statement of responsibility, etc by G.S. Mehta
260 ## - PUBLICATION, DISTRIBUTION, ETC. (IMPRINT)
Place of publication, distribution, etc New Delhi
Name of publisher, distributor, etc Kanishka Publishers, Distributors
Date of publication, distribution, etc 2002
300 ## - PHYSICAL DESCRIPTION
Extent 205p.
Dimensions 20 cms.
942 ## - ADDED ENTRY ELEMENTS (KOHA)
Source of classification or shelving scheme Dewey Decimal Classification
Item type English Books
Classification part 305.4
Call number suffix MEH
Holdings
Withdrawn status Lost status Not for loan Collection code Home library Current library Date acquired Cost, normal purchase price Full call number Barcode Cost, replacement price Koha item type Source of acquisition
      Non-fiction Sarojini Nagar Sarojini Nagar 19/04/2012 0.00 305.4 MEH B-92493 0.00 English Books  
      Non-fiction Shahdara Branch Shahdara Branch 07/08/2018 450.00 305.4 MEH B-092495 450.00 English Books BPPD/PUB

© Delhi Public Library
Hit Counter
free hit counter